00287nam a2200109Ia 4500008004400000041000800044082001100052100001600063245004800079260003900127300001100166240112s1966-67 xx 000 0 und d aeng a616.05 aBEESON P.S. aTHE YEAR BOOK OF MEDICINE: YEAR BOOK SERIES bTHE YEAR BOOK PUB CHICAGOc1966-67 a826,HB